| 000 | 00563nam a2200133 a 4500 | ||
|---|---|---|---|
| 008 | 100322s2008 ||||||||||||||||| || u | ||
| 050 | _aTHESIS/STUDENT | ||
| 100 | _aKalo, Samuel | ||
| 245 | 1 | 3 |
_aAn evaluation of metallurgical performance of the backfill plant and the ... _cSupervised by Mr. A Shane |
| 260 |
_aKitwe _bCoperbelt University _c2008 |
||
| 350 | _a0.00 | ||
| 650 | _aMINING, METALLURGY | ||
| 995 |
_D0.00 _FCBU-MAIN LIBRARY (Kitwe) _H1 _I0.00 _M1 _UAVAILABLE _WMar 22, 2010 _ZUniversity Collection |
||
| 999 |
_c42672 _d42672 |
||